Guess the Lyrics #40 - Statistics

General Stats
  • This quiz has been taken 5,869 times
    3,449 since last reset
  • The average score is 76 of 184
Answer Stats
Lyrics % Correct
I
98%
a
96%
you
91%
the
89%
an
80%
we
77%
me
76%
to
74%
on
72%
do
71%
when
71%
is
70%
Is
70%
it
68%
no
68%
And
67%
in
64%
can
63%
Where
63%
so
60%
my
57%
that
55%
are
53%
one
52%
of
51%
there
51%
There
51%
for
49%
For
49%
you're
48%
if
46%
I'm
46%
this
46%
know
44%
ever
41%
don't
40%
Don't
40%
we're
40%
It's
37%
But
34%
as
33%
nothing
30%
thing
30%
up
30%
With
30%
with
30%
take
29%
Now
28%
or
25%
Oh,
24%
together
23%
end
22%
goes
22%
many
21%
mind
21%
last
19%
leave
16%
Blame
12%
blame
12%
line
11%
run
10%
times
10%
believe
9%
left
9%
lost
9%
own
9%
easy
8%
help
8%
Took
8%
answer
7%
fire
7%
ride
7%
nobody
6%
same
6%
train
6%
dying
4%
pain
4%
Relax,
4%
broken
3%
roads
3%
scared
3%
scream
3%
understand
3%
clear,
2%
Ended
2%
playing
2%
Relax, Take It Easy - Mika
2%
screaming
2%
terrified
2%
darkest
1%
longing's
1%
No matching quizzes found
Score Distribution
Percent of People with Each Score
Percentile by Number Answered
Your Score History
You have not taken this quiz since the last reset